000 00748nam a2200325Ia 4500
008 210210b2009 xxu||||| |||| 00| 0 eng d
020 _a9788125921998
041 _aeng
082 _a657.046 MAHP
100 _aMAHESHWARI (S N)
245 _aProblems and solutions in advanced accountancy Vol I Rev Ed 6
250 _a
260 _aNew Delhi
_bVikas Publishing House Pvt Ltd.,
_c2009
300 _axii,1215
440 _a1
650 _aVol
650 _asolutions
650 _aRev
650 _aProblems
650 _ain
650 _aI
650 _aEd
650 _aand
650 _aadvanced
650 _aaccountancy
650 _a6
690 _aAccountancy
700 _aMAHESHWARI (S K)
906 _a065138
999 _c142622
_d142622